000 00750nam a22002537a 4500
001 5341
003 FISKH
005 20241127111448.0
008 241127b cb ||||| |||| 00| 0 eng d
020 _a9780531225127
040 _aFISKH
_beng
_cFISKH
_dFISKH
050 _aGB609.S68
082 _a551.44
100 _aSquire, Ann
_d(1951-)
245 _aSinkholes /
_cAnn O. Squire
250 _aPublished in 2016
260 _aNew York :
_bScholastic,
_c2016.
300 _a48 pages :
_bColor illustrations ;
_c22 cm
520 _a"Learn all about sinkholes, from how they are formed to how they can affect people around the world"--
650 _2Earth science
_aForces
650 _2Loss of a loved one
942 _2ddc
_cBK
_n0
999 _c5341
_d5341